00260nam a2200097Ia 4500008004100000082001500041100002600056245004500082260002000127600001500147241002s9999 xx 000 0 und d a153.43 PEL aPeale, Norman Unicent 4aThe Amazing Results of Positive Thinking aNew York:c1965 aPhilosophy